[Event "9MCR_4D_1L_4S"]
[Site "?"]
[Date "2010.??.??"]
[Round "?"]
[White "Tomisek, Petr"]
[Black "Cernovsky, Karel"]
[Result "1/2-1/2"]
[WhiteElo "2187"]
[BlackElo "2266"]
[Annotator "013"]
[PlyCount "69"]
[EventDate "2010.??.??"]
[EventType "corr"]
[SourceDate "2002.06.29"]

1. e4 e5 2. Nf3 Nc6 3. d4 exd4 4. Bc4 Nf6 5. e5 d5 6. Bb5 Ne4 7. Nxd4 Bd7 8.
Bxc6 bxc6 9. O-O Be7 10. f3 Nc5 11. f4 O-O 12. f5 Ne4 13. Nc3 Bc5 14. Nxe4 dxe4
15. Kh1 Re8 16. b4 Bxb4 17. Bb2 c5 18. e6 fxe6 19. Nxe6 Bxe6 20. Qg4 Qd7 21.
Rad1 Bd2 22. fxe6 Rxe6 23. Bxg7 Re7 24. Qe2 Rxg7 25. Rxd2 Qe6 26. Qe3 Qe5 27.
Qb3+ Kh8 28. Rd5 Rf7 29. Rg1 Qf4 30. Qc3+ Qf6 31. Qxc5 Re8 32. Rd2 Qa6 33. Qd5
Kg7 34. Rd4 e3 35. Rg4+ 1/2-1/2

[Event "9MCR_4D_1L_4S"]
[Site "?"]
[Date "2010.??.??"]
[Round "?"]
[White "Tomisek, Petr"]
[Black "Kyhos, Alois"]
[Result "1/2-1/2"]
[WhiteElo "2187"]
[BlackElo "2180"]
[Annotator "064"]
[PlyCount "109"]
[EventDate "2010.??.??"]
[EventType "corr"]
[SourceDate "2002.06.29"]

1. e4 e5 2. Nf3 Nc6 3. d4 exd4 4. Bc4 Nf6 5. e5 d5 6. Bb5 Ne4 7. Nxd4 Bd7 8.
Bxc6 bxc6 9. O-O Bc5 10. Be3 Qe7 11. Re1 O-O 12. f3 Ng5 13. Qd2 f6 14. exf6
Qxf6 15. Nc3 Nf7 16. Na4 Bb6 17. Qc3 Ne5 18. Nc5 Qd6 19. b4 a5 20. a3 Nc4 21.
Bf2 Bc8 22. Na4 Ba7 23. Re2 Qg6 24. Kh1 Bd7 25. Nc5 Bxc5 26. bxc5 Qf6 27. a4
Rab8 28. Rae1 Rb4 29. Qa1 h6 30. Rb1 Rbb8 31. Rxb8 Rxb8 32. Qe1 Rb4 33. Bh4 g5
34. c3 Rb7 35. Bf2 Kf7 36. h3 Rb2 37. Bg3 Rxe2 38. Qxe2 Qe7 39. Qxe7+ Kxe7 40.
Bxc7 Be8 41. Kh2 Bg6 42. Kg3 Ke8 43. h4 Kd7 44. hxg5 hxg5 45. Bb6 Nxb6 46. cxb6
c5 47. Nb3 Kc6 48. Nxa5+ Kxb6 49. Nb3 Be8 50. Kg4 Bxa4 51. Nd2 c4 52. Kxg5 Kc5
53. Kf4 d4 54. Ne4+ Kd5 55. g4 1/2-1/2

[Event "9MCR_4D_1L_4S"]
[Site "?"]
[Date "2010.??.??"]
[Round "?"]
[White "Tomisek, Petr"]
[Black "Stika, Vaclav"]
[Result "1-0"]
[WhiteElo "2187"]
[BlackElo "2106"]
[Annotator "055"]
[PlyCount "125"]
[EventDate "2010.??.??"]
[EventType "corr"]
[SourceDate "2002.06.29"]

1. e4 c5 2. d4 cxd4 3. c3 dxc3 4. Nxc3 Nc6 5. Nf3 e6 6. Bc4 a6 7. O-O Bc5 8.
Bg5 f6 9. Bf4 Nge7 10. Rc1 Ng6 11. Bg3 O-O 12. a3 Nge5 13. Ba2 Ba7 14. Nxe5
fxe5 15. Qd6 Qf6 16. Kh1 Rf7 17. Ne2 Qe7 18. Bxe5 Qxd6 19. Bxd6 Bxf2 20. g3 g6
21. Nf4 Be3 22. Rcd1 Kg7 23. Rf3 Bxf4 24. gxf4 b5 25. f5 Rf6 26. Kg1 a5 27. Rf2
Ra7 28. Bb1 b4 29. a4 Ra8 30. h4 e5 31. h5 gxf5 32. Rg2+ Kh8 33. exf5 Bb7 34.
Be4 Re8 35. Bc7 d6 36. Rxd6 Rxd6 37. Bxd6 Nd8 38. Bxb7 Nxb7 39. Bc7 Re7 40. Rc2
Kg8 41. Kf2 Rf7 42. Ke3 b3 43. Rc6 Rxf5 44. Bb8 Kf8 45. Ke4 Rf7 46. Bc7 Rd7 47.
Bxe5 Ke8 48. Rc8+ Ke7 49. Rc3 Ke6 50. Rc6+ Kf7 51. Bd4 Ke7 52. Bb6 Nd8 53. Rc3
Nb7 54. Ke5 Nd8 55. Bxd8+ Rxd8 56. Rxb3 Rd7 57. Rb5 Ra7 58. Kd5 Kd7 59. Rb8 Ke7
60. Kc6 Ke6 61. Kb6 Rg7 62. Kxa5 Kd5 63. b4 1-0

[Event "9MCR_4D_1L_4S"]
[Site "?"]
[Date "2010.??.??"]
[Round "?"]
[White "Tomisek, Petr"]
[Black "Sykora, Josef"]
[Result "1/2-1/2"]
[WhiteElo "2187"]
[BlackElo "2319"]
[Annotator "028"]
[PlyCount "81"]
[EventDate "2010.??.??"]
[EventType "corr"]
[SourceDate "2002.06.29"]

1. e4 c6 2. Nc3 d5 3. Qf3 dxe4 4. Nxe4 Nd7 5. d4 Ndf6 6. Bd3 Qxd4 7. Ne2 Qe5 8.
h3 Nxe4 9. Bxe4 Bd7 10. Bf4 Qa5+ 11. Bd2 Qc7 12. O-O Nf6 13. Bd3 c5 14. Nc3 Bc6
15. Nb5 Qd7 16. Qe2 a6 17. a4 e6 18. Rfd1 Be7 19. Na3 O-O 20. Nc4 Qd5 21. Qf1
Qh5 22. Re1 Nd7 23. Na5 Ne5 24. Nxc6 Nxc6 25. Be4 Rfd8 26. Rad1 Rac8 27. Bc3
Bd6 28. g3 Qg5 29. Rd2 Qe7 30. Red1 Qc7 31. Qc4 Bf8 32. Rxd8 Rxd8 33. Rxd8 Nxd8
34. b4 Qd6 35. b5 axb5 36. Qxb5 b6 37. Qe8 Qe7 38. Qb5 Qd6 39. Qe8 Qe7 40. Qb5
Qd6 41. Qe8 1/2-1/2

[Event "9MCR_4D_1L_4S"]
[Site "?"]
[Date "2010.??.??"]
[Round "?"]
[White "Urban, Milos"]
[Black "Bednarik, Radovan"]
[Result "0-1"]
[WhiteElo "1620"]
[BlackElo "2043"]
[Annotator "010"]
[PlyCount "84"]
[EventDate "2010.??.??"]
[EventType "corr"]
[SourceDate "2002.06.29"]

1. e4 e5 2. Nf3 Nc6 3. Bb5 a6 4. Bxc6 dxc6 5. O-O Bg4 6. h3 h5 7. d3 Qf6 8.
Nbd2 Ne7 9. Re1 Ng6 10. d4 Nf4 11. hxg4 hxg4 12. g3 gxf3 13. Qxf3 Ne6 14. dxe5
Qxe5 15. Nb3 Bd6 16. Qf5 Rh5 17. Qxe5 Bxe5 18. Kg2 O-O-O 19. f4 Nd4 20. Nxd4
Bxd4 21. Rd1 Rhh8 22. Rd3 f6 23. Rb1 Bb6 24. b4 Rde8 25. Bd2 Rxe4 26. Re1 Rxe1
27. Bxe1 c5 28. a3 Re8 29. Kf1 Rd8 30. Ke2 Rxd3 31. Kxd3 cxb4 32. axb4 f5 33.
c4 Bg1 34. Bc3 g6 35. Bd4 Bxd4 36. Kxd4 Kd7 37. Ke5 c5 38. bxc5 Kc6 39. Kd4 a5
40. Kc3 Kxc5 41. Kb3 b6 42. Kc3 a4 0-1

[Event "9MCR_4D_1L_4S"]
[Site "?"]
[Date "2010.??.??"]
[Round "?"]
[White "Urban, Milos"]
[Black "Cakl, Miloslav"]
[Result "1/2-1/2"]
[WhiteElo "1620"]
[BlackElo "2041"]
[Annotator "040"]
[PlyCount "130"]
[EventDate "2010.??.??"]
[EventType "corr"]
[SourceDate "2002.06.29"]

1. e4 c5 2. Nf3 d6 3. d4 cxd4 4. Nxd4 Nf6 5. Nc3 g6 6. Be3 Bg7 7. f3 O-O 8. Qd2
Nc6 9. Bc4 Bd7 10. O-O-O Ne5 11. Bb3 Rc8 12. h4 h6 13. Bxh6 Qa5 14. Bxg7 Kxg7
15. h5 Nc4 16. Bxc4 Rxc4 17. hxg6 fxg6 18. Nb3 Qe5 19. Qh6+ Kf7 20. f4 Qe6 21.
Nd4 Qg4 22. e5 Rxd4 23. Rxd4 dxe5 24. Rh4 exd4 25. Rxg4 Bxg4 26. Nd1 Re8 27.
Nf2 Bf5 28. g4 Bxg4 29. Nxg4 Nxg4 30. Qh7+ Ke6 31. Qxg6+ Nf6 32. Qd3 Rd8 33. c3
Rd6 34. cxd4 Kd7 35. Qf5+ Kc7 36. Qa5+ Kb8 37. Qe5 Nd5 38. a3 Kc7 39. Kd2 Kd7
40. f5 a6 41. Kd3 Nf6 42. b4 b5 43. Qc5 Ng4 44. Ke4 Ke8 45. Kf4 Nh6 46. Qc8+
Kf7 47. Qh8 Rf6 48. Qh7+ Ke8 49. d5 Nxf5 50. Qxf5 Kf8 51. Ke5 Rxf5+ 52. Kxf5
Kf7 53. Ke5 Ke8 54. Ke6 Kd8 55. d6 exd6 56. Kxd6 a5 57. Kc6 axb4 58. axb4 Kc8
59. Kxb5 Kb7 60. Kc5 Kc7 61. b5 Kb7 62. b6 Kb8 63. Kb5 Kb7 64. Kc5 Kb8 65. Kc6
Kc8 1/2-1/2

[Event "9MCR_4D_1L_4S"]
[Site "?"]
[Date "2010.??.??"]
[Round "?"]
[White "Urban, Milos"]
[Black "Cernovsky, Karel"]
[Result "0-1"]
[WhiteElo "1620"]
[BlackElo "2266"]
[Annotator "041"]
[PlyCount "80"]
[EventDate "2010.??.??"]
[EventType "corr"]
[SourceDate "2002.06.29"]

1. e4 e5 2. Nf3 Nc6 3. Bb5 a6 4. Bxc6 dxc6 5. O-O Qd6 6. d3 f6 7. Be3 c5 8.
Nbd2 Be6 9. Nc4 Qc6 10. Nfd2 h5 11. f4 exf4 12. Bxf4 Ne7 13. h4 Qd7 14. Nf3 Nc6
15. Qe2 Bxc4 16. dxc4 O-O-O 17. Rad1 Qg4 18. Rxd8+ Nxd8 19. Qe3 Ne6 20. g3 Qh3
21. Nh2 Nxf4 22. Qxf4 Bd6 23. Qf5+ Qxf5 24. exf5 Bxg3 25. Nf3 b5 26. cxb5 axb5
27. Kg2 Bf4 28. Ng1 Be5 29. c3 Kb7 30. Rd1 Kc6 31. Rd2 Ra8 32. a3 Ra4 33. Nf3
Rg4+ 34. Kf2 Bg3+ 35. Ke2 Bf4 36. Rc2 Rg2+ 37. Kd1 Rxc2 38. Kxc2 Kd5 39. Kd3
c4+ 40. Ke2 c5 0-1

[Event "9MCR_4D_1L_4S"]
[Site "?"]
[Date "2010.??.??"]
[Round "?"]
[White "Urban, Milos"]
[Black "Karasova, Eva"]
[Result "0-1"]
[WhiteElo "1620"]
[BlackElo "2228"]
[Annotator "039"]
[PlyCount "46"]
[EventDate "2010.??.??"]
[EventType "corr"]
[SourceDate "2002.06.29"]

1. e4 e5 2. Nf3 Nf6 3. Nxe5 d6 4. Nf3 Nxe4 5. d4 d5 6. Bd3 Bd6 7. O-O O-O 8. c4
c6 9. Qc2 Be6 10. cxd5 cxd5 11. Bxe4 dxe4 12. Qxe4 Bd5 13. Qd3 Qc7 14. Nbd2 Nc6
15. a3 Rae8 16. Ne5 Nxd4 17. Qxd4 Rxe5 18. b4 Rg5 19. g3 Bxg3 20. fxg3 Rxg3+
21. Kf2 Rg2+ 22. Ke1 Re8+ 23. Kd1 Bb3+ 0-1

[Event "9MCR_4D_1L_4S"]
[Site "?"]
[Date "2010.??.??"]
[Round "?"]
[White "Urban, Milos"]
[Black "Stika, Vaclav"]
[Result "0-1"]
[WhiteElo "1620"]
[BlackElo "2106"]
[Annotator "068"]
[PlyCount "116"]
[EventDate "2010.??.??"]
[EventType "corr"]
[SourceDate "2002.06.29"]

1. e4 e5 2. Nf3 Nc6 3. Bb5 a6 4. Bxc6 dxc6 5. O-O Qd6 6. d3 Ne7 7. Be3 Ng6 8.
Nbd2 Be7 9. Nc4 Qe6 10. Ng5 Qg4 11. Qxg4 Bxg4 12. h3 Bd7 13. Nf3 f6 14. a4 Kf7
15. a5 Rad8 16. Nh2 Be6 17. Nd2 Rhe8 18. Ndf3 Nf4 19. Bxf4 exf4 20. Rfd1 g5 21.
c3 c5 22. d4 c6 23. e5 cxd4 24. exf6 Bxf6 25. Nxd4 Bxd4 26. Rxd4 Rxd4 27. cxd4
Bd5 28. Nf3 Bxf3 29. gxf3 Re2 30. b3 Rb2 31. Ra3 Kf6 32. Kg2 h5 33. Kf1 h4 34.
Ke1 Kf5 35. Kf1 Rb1+ 36. Kg2 Ke6 37. Ra4 Rxb3 38. Rc4 Rb2 39. Kf1 Rb5 40. Ra4
Rb3 41. Kg2 Kd5 42. Kg1 Rxf3 43. Kg2 Rb3 44. f3 Rb2+ 45. Kg1 Kd6 46. Rc4 Rb3
47. Kg2 Rb5 48. Ra4 Rb2+ 49. Kg1 Kd5 50. Kf1 Rh2 51. Rb4 Rxh3 52. Kf2 Rh2+ 53.
Kf1 Rd2 54. Kg1 h3 55. Rxb7 Kxd4 56. Rh7 c5 57. Rxh3 c4 58. Rh6 c3 0-1

[Event "9MCR_4D_1L_4S"]
[Site "?"]
[Date "2010.??.??"]
[Round "?"]
[White "Volf, Michal"]
[Black "Bednarik, Radovan"]
[Result "1/2-1/2"]
[WhiteElo "1760"]
[BlackElo "2043"]
[Annotator "076"]
[PlyCount "119"]
[EventDate "2010.??.??"]
[EventType "corr"]
[SourceDate "2002.06.29"]

1. e4 e5 2. Nf3 Nc6 3. Nc3 Nf6 4. Bb5 Bb4 5. O-O O-O 6. d3 d6 7. Bg5 Bxc3 8.
bxc3 Bd7 9. Rb1 h6 10. Bh4 a6 11. Bxc6 Bxc6 12. Re1 Qe7 13. Nd2 Rfe8 14. Qf3 g5
15. Bg3 Qe6 16. a3 d5 17. exd5 Nxd5 18. Rxe5 Nxc3 19. Ne4 Qg6 20. Re1 Nxe4 21.
dxe4 Rxe5 22. Bxe5 Re8 23. Qc3 Bxe4 24. Bxc7 Rc8 25. Re2 Qc6 26. Qxc6 Bxc6 27.
Re7 Kg7 28. c4 Kf6 29. Bd6 Bd5 30. c5 b6 31. f4 Rc6 32. Re5 Be6 33. g3 gxf4 34.
gxf4 Kg6 35. Kf2 f6 36. Re3 Kf5 37. Rc3 Bd5 38. Ke3 bxc5 39. Bxc5 h5 40. Bb4
Re6+ 41. Kd4 Bg2 42. Rc5+ Kg4 43. Ra5 Bb7 44. h3+ Kh4 45. Rf5 Bc6 46. Rxf6 Rxf6
47. Be7 Kxh3 48. Bxf6 Kg4 49. Ke5 h4 50. Bxh4 Kxh4 51. f5 Kg5 52. f6 Be8 53.
Kd6 Kxf6 54. Kc5 Ke5 55. Kb4 Kd4 56. Kb3 Bf7+ 57. Kc2 Kc4 58. Kb2 a5 59. a4 Kb4
60. Kb1 1/2-1/2

[Event "9MCR_4D_1L_4S"]
[Site "?"]
[Date "2010.??.??"]
[Round "?"]
[White "Volf, Michal"]
[Black "Cakl, Miloslav"]
[Result "0-1"]
[WhiteElo "1760"]
[BlackElo "2041"]
[Annotator "062"]
[PlyCount "88"]
[EventDate "2010.??.??"]
[EventType "corr"]
[SourceDate "2002.06.29"]

1. e4 c5 2. Nc3 d6 3. g3 Nc6 4. Bg2 e5 5. Nge2 Nf6 6. d3 Be7 7. O-O h5 8. Nd5
h4 9. c3 h3 10. Bh1 Bg4 11. Be3 Qd7 12. Qc2 Bd8 13. f4 O-O 14. Bf3 Nxd5 15.
exd5 Bxf3 16. Rxf3 exf4 17. gxf4 Ne7 18. c4 Nf5 19. Nc3 Nh4 20. Rg3 Re8 21. Bf2
Nf5 22. Rf3 b5 23. Nxb5 Bf6 24. Kh1 Rab8 25. Nc3 Nh6 26. Rg1 Ng4 27. f5 Nxf2+
28. Qxf2 Bd4 29. Qh4 Bxg1 30. Rxh3 f6 31. Qh7+ Kf8 32. Rg3 Bd4 33. Qh8+ Ke7 34.
Rxg7+ Kd8 35. Rxd7+ Kxd7 36. Qh4 Rh8 37. Qe1 Be5 38. h4 Rxb2 39. Ne2 Rxa2 40.
Kg2 Re8 41. Kf3 Bh2 42. Qc3 Rexe2 43. Qxf6 Rg2 44. Qe6+ Kd8 0-1

[Event "9MCR_4D_1L_4S"]
[Site "?"]
[Date "2010.??.??"]
[Round "?"]
[White "Volf, Michal"]
[Black "Cernovsky, Karel"]
[Result "0-1"]
[WhiteElo "1760"]
[BlackElo "2266"]
[Annotator "038"]
[PlyCount "64"]
[EventDate "2010.??.??"]
[EventType "corr"]
[SourceDate "2002.06.29"]

1. d4 Nf6 2. c4 e6 3. Nc3 Bb4 4. e3 b6 5. Nge2 Ne4 6. Qc2 Bb7 7. a3 Bxc3+ 8.
bxc3 Qh4 9. Nf4 f5 10. g3 Qe7 11. Bg2 Nc6 12. O-O Ba6 13. d5 Na5 14. dxe6 O-O
15. exd7 Bxc4 16. Re1 Bb3 17. Qb1 Qxd7 18. Bxe4 fxe4 19. Qxe4 g5 20. Ng2 Rae8
21. Qd4 Qf7 22. f4 Bc4 23. Qd1 Nb3 24. Rb1 Nc5 25. h4 h6 26. hxg5 hxg5 27. Qg4
Ne4 28. Rb2 Be6 29. Qf3 Qh7 30. Rb4 Nf6 31. g4 c5 32. Rb5 Bd5 0-1

[Event "9MCR_4D_1L_4S"]
[Site "?"]
[Date "2010.??.??"]
[Round "?"]
[White "Volf, Michal"]
[Black "Karasova, Eva"]
[Result "1/2-1/2"]
[WhiteElo "1760"]
[BlackElo "2228"]
[Annotator "045"]
[PlyCount "43"]
[EventDate "2010.??.??"]
[EventType "corr"]
[SourceDate "2002.06.29"]

1. d4 d5 2. c4 dxc4 3. Nf3 e6 4. e3 Nf6 5. Bxc4 c5 6. O-O a6 7. Qe2 b5 8. Bb3
Bb7 9. Rd1 Nbd7 10. Nc3 Qb8 11. d5 Nxd5 12. Nxd5 exd5 13. Bxd5 Bxd5 14. Rxd5
Be7 15. e4 Qb7 16. Bg5 Nb6 17. Bxe7 Nxd5 18. Bxc5 Ne7 19. Nd4 O-O 20. Nf5 Nxf5
21. Bxf8 Re8 22. Bc5 1/2-1/2

[Event "9MCR_4D_1L_4S"]
[Site "?"]
[Date "2010.??.??"]
[Round "?"]
[White "Volf, Michal"]
[Black "Tomisek, Petr"]
[Result "0-1"]
[WhiteElo "1760"]
[BlackElo "2187"]
[Annotator "057"]
[PlyCount "92"]
[EventDate "2010.??.??"]
[EventType "corr"]
[SourceDate "2002.06.29"]

1. e4 e5 2. Nc3 Nf6 3. Bc4 Nxe4 4. Qh5 Nd6 5. Qxe5+ Qe7 6. Qxe7+ Bxe7 7. Bb3 c6
8. Nf3 Nf5 9. d4 d5 10. O-O h6 11. Ne2 Nd7 12. c3 O-O 13. Bc2 Nf6 14. Bf4 Re8
15. Rfe1 g5 16. Be5 Ne4 17. h3 Ng7 18. Ng3 f6 19. Bc7 Ne6 20. Nxe4 dxe4 21. Bb3
exf3 22. Bxe6+ Bxe6 23. Rxe6 Kf7 24. Rae1 fxg2 25. Kxg2 Bf8 26. R6e3 Re7 27.
Rxe7+ Bxe7 28. a4 Re8 29. Kf3 f5 30. b4 Bf6 31. Rxe8 Kxe8 32. Bb8 a6 33. a5 Kd7
34. Ke3 g4 35. hxg4 fxg4 36. Ke4 Ke6 37. Bf4 h5 38. Bc7 Bg5 39. Bf4 Kf6 40. Bc7
Kg6 41. c4 h4 42. d5 cxd5+ 43. cxd5 h3 44. f3 Kh5 45. Be5 Bd2 46. b5 axb5 0-1

[Event "9MCR_4D_1L_4S"]
[Site "?"]
[Date "2010.??.??"]
[Round "?"]
[White "Volf, Michal"]
[Black "Urban, Milos"]
[Result "1-0"]
[WhiteElo "1760"]
[BlackElo "1620"]
[Annotator "036"]
[PlyCount "59"]
[EventDate "2010.??.??"]
[EventType "corr"]
[SourceDate "2002.06.29"]

1. e4 e5 2. Nf3 Nf6 3. Nxe5 d6 4. Nf3 Nxe4 5. d4 d5 6. Bd3 Nc6 7. O-O Be7 8. c4
Nb4 9. Be2 O-O 10. Nc3 Bf5 11. a3 Nxc3 12. bxc3 Nc6 13. Re1 Re8 14. Bf4 dxc4
15. Bxc4 Bd6 16. Rxe8+ Qxe8 17. Ng5 Bg6 18. Bxd6 cxd6 19. h4 Qe7 20. Qg4 h6 21.
Nh3 Qf6 22. Re1 Bf5 23. Qf3 Kf8 24. Nf4 Bd7 25. Qg3 Re8 26. Rb1 Na5 27. Bd3 Bf5
28. Nh5 Qg6 29. Bxf5 Qxh5 30. Qxd6+ 1-0